| 000 | 00684cam a2200217 a 4500 | ||
|---|---|---|---|
| 001 | 000018045 | ||
| 005 | 20200929165330.0 | ||
| 008 | 910222s1984 sp ac 001 p spa d | ||
| 020 | _a8472323463 | ||
| 035 | _a(DLC) 91745030 | ||
| 040 |
_aDO-SdBNP _cDLC |
||
| 082 |
_aCu861.4 _bB222m |
||
| 100 | 1 |
_aBaquero, Gastón. _d1918-1997 _939125 |
|
| 245 | 1 | 0 |
_aMagias e invenciones / _cGastón Baquero. |
| 260 |
_aMadrid : _bCultura Hispánica, _bInstituto de Cooperación Iberoamericana, _c1984. |
||
| 300 |
_a257 p. : _bil., retrs. ; _c20 cm. |
||
| 650 | 4 |
_aPoesía cubana _95226 |
|
| 650 | 4 |
_aLiteratura cubana _ySIGLO XX _99186 |
|
| 910 | _aCatalogación por copia / LC | ||
| 049 | _aBNGR | ||
| 999 |
_c17567 _d17567 |
||